La buena administración en el contexto tecnológico / (Registro nro. 6142)
[ vista simple ]
| 000 -LEADER | |
|---|---|
| fixed length control field | 01047nabaa22002057a 4500 |
| 003 - CONTROL NUMBER IDENTIFIER | |
| control field | OSt |
| 005 - DATE AND TIME OF LATEST TRANSACTION | |
| control field | 20260122233117.0 |
| 008 - FIXED-LENGTH DATA ELEMENTS--GENERAL INFORMATION | |
| fixed length control field | 190701b xxu||||| |||| 00| 0 spa d |
| 040 ## - CATALOGING SOURCE | |
| Transcribing agency | PJ |
| 100 ## - MAIN ENTRY--PERSONAL NAME | |
| 9 (RLIN) | 230 |
| Personal name | Schafrik, Fabiana Haydee |
| 245 13 - TITLE STATEMENT | |
| Title | La buena administración en el contexto tecnológico / |
| Statement of responsibility, etc | Fabiana Haydée Schafrik. |
| 300 ## - PHYSICAL DESCRIPTION | |
| Extent | p. 14-17 |
| 505 ## - FORMATTED CONTENTS NOTE | |
| Formatted contents note | Sumario: I. Introducción.— II. La buena administración en el contexto del derecho público.— III. De la relación de la tecnología con la buena administración.— IV. Algunos supuestos del uso de la tecnología por parte de la administración y su relación con la buena administración. |
| 505 ## - FORMATTED CONTENTS NOTE | |
| Title | ¿Te interesa el texto completo? Comunicate al correo: koha@justierradelfuego.gov.ar |
| 650 #0 - SUBJECT ADDED ENTRY--TOPICAL TERM | |
| 9 (RLIN) | 211 |
| Topical term or geographic name as entry element | DERECHO ADMINISTRATIVO |
| 650 #0 - SUBJECT ADDED ENTRY--TOPICAL TERM | |
| 9 (RLIN) | 736 |
| Topical term or geographic name as entry element | DERECHO PUBLICO |
| 650 #0 - SUBJECT ADDED ENTRY--TOPICAL TERM | |
| 9 (RLIN) | 289 |
| Topical term or geographic name as entry element | TECNOLOGIA DE LA INFORMACION |
| 773 0# - HOST ITEM ENTRY | |
| Host Biblionumber | 2842 |
| Host Itemnumber | 3251 |
| Place, publisher, and date of publication | Buenos Aires : AbeledoPerrot, 2012- |
| Other item identifier | DA121 |
| Title | Derecho administrativo. Nº 150 noviembre/diciembre 2023 |
| International Standard Book Number | 18510590 |
| 942 ## - ADDED ENTRY ELEMENTS (KOHA) | |
| Source of classification or shelving scheme | |
| Koha item type | Analítica Artículo de Revista |
No hay ítems disponibles.
